000 00921nam a22002537a 4500
003 BUBTL
008 240226b ||||| |||| 00| 0 eng d
020 _a9788120348165
041 _aeng
082 _a174/ G7472p/ 2022
100 _92095
_aGovindarajan, M
245 _aProfessional Ethics & Human Values /
_cM. Govindarajan, S. Natarajan, V.S. Senthilkumar
250 _a1st ed.
260 _aDelhi:
_bPHI Learning Private Limited,
_cc2022
300 _ax, 132 p.:
_c24 p. :
500 _aIncludes Index
505 _aProfessional Ethics & Human Values, Human Values, Engineering Ethics, Engineering as Social Experimentation, Engineers' Responsibility for Safety and Risk, Responsibility and Rights
650 0 _95556
_aSocial Sciences
700 _95680
_aNatarajan, S.
700 _95692
_aSenthilkumar, V. S.
856 _k0
_l0
_yDownload
942 _2ddc
_cBK
999 _c7228
_d7228